[Event "UAE-ch"]
[Site "Abu Dhabi"]
[Date "2011.06.26"]
[Round "2"]
[White "Fahed, Ahmad"]
[Black "Mansour, Abbas Khoori"]
[Result "0-1"]
[WhiteElo "2012"]
[BlackElo "1953"]
[PlyCount "102"]
[EventDate "2011.06.25"]
[EventType "swiss"]
[EventRounds "9"]
[EventCountry "UAE"]
[SourceTitle "CBM 143 Extra"]
[Source "ChessBase"]
[SourceDate "2011.08.29"]
[SourceVersion "1"]
[SourceVersionDate "2011.08.29"]
[SourceQuality "1"]

1. d4 Nf6 2. c4 g6 3. Nc3 Bg7 4. e4 d6 5. Bd3 0-0 6. Nge2 c5 7. d5 e5 8. f3 Na6 9. Bg5 Nc7 10. Qd2 a6 11. 0-0-0 b5 12. g4 bxc4 13. Bxc4 Nb5 14. h4 Nd4 15. Nxd4 exd4 16. Ne2 Qb6 17. Bh6 Re8 18. Bxg7 Kxg7 19. h5 Ng8 20. Ng3 Ra7 21. Rh2 Qd8 22. hxg6 fxg6 23. Rdh1 Kh8 24. Bd3 Qf6 25. Rf1 Rg7 26. g5 Qe7 27. f4 Rf8 28. Rhf2 Rgf7 29. f5 Qe5 30. fxg6 Rxf2 31. Rxf2 Rxf2 32. Qxf2 Qxg5+ 33. Kc2 hxg6 34. Qh2+ Kg7 35. Ne2 Qf6 36. Qg3 Nh6 37. Nf4 Ng4 38. Kb1 a5 39. Be2 Qe5 40. Bxg4 Qxe4+ 41. Kc1 Bxg4 42. Qxg4 Qf5 43. Ne6+ Kf6 44. Qh4+ Ke5 45. Nc7 Qf4+ 46. Qxf4+ Kxf4 47. Kd2 g5 48. Ne6+ Kf5 49. Kd3 g4 50. b3 g3 51. Ke2 d3+ 0-1

[Event "Abu Dhabi op 10th"]
[Site "Abu Dhabi"]
[Date "2000.08.27"]
[Round "2"]
[White "Hassan, Abdullah"]
[Black "Fahed, Ahmad"]
[Result "1-0"]
[WhiteElo "2257"]
[BlackElo "2001"]
[PlyCount "43"]
[EventDate "2000.08.26"]
[EventType "swiss"]
[EventRounds "9"]
[EventCountry "UAE"]
[SourceTitle "CBM 077 Extra"]
[Source "ChessBase"]
[SourceDate "2000.09.14"]
[SourceVersion "1"]
[SourceVersionDate "2000.09.14"]
[SourceQuality "1"]

1. d4 Nf6 2. Nf3 c5 3. c3 e6 4. e3 Be7 5. Bd3 b6 6. Nbd2 Ba6 7. Bxa6 Nxa6 8. e4 0-0 9. e5 Nd5 10. 0-0 cxd4 11. cxd4 d6 12. Ne4 dxe5 13. Nxe5 Nf6 14. Nc6 Qd7 15. Nxe7+ Qxe7 16. Bg5 Nc7 17. Nxf6+ gxf6 18. Bh6 Kh8 19. Bxf8 Rxf8 20. Qf3 Nd5 21. Rfe1 Rg8 22. Qxd5 1-0

[Event "Dubai op"]
[Site "Dubai"]
[Date "1999.05.05"]
[Round "5"]
[White "Abdel Rahim, Mohamed"]
[Black "Fahed, Ahmad"]
[Result "1-0"]
[WhiteElo "2140"]
[BlackElo "2016"]
[PlyCount "20"]
[EventDate "1999.05.??"]
[EventType "swiss"]
[EventRounds "9"]
[EventCountry "UAE"]
[SourceTitle "CBM 070 Extra"]
[Source "ChessBase"]
[SourceDate "1999.07.10"]
[SourceVersion "1"]
[SourceVersionDate "1999.07.10"]
[SourceQuality "1"]

1. e4 c5 2. Nc3 Nc6 3. Bc4 g6 4. f4 Bg7 5. Nf3 e6 6. e5 d5 7. exd6 Qxd6 8. d3 Nge7 9. Ne4 Qc7 10. Nxc5 Qa5+ 1-0

[Event "Dubai op"]
[Site "Dubai"]
[Date "1999.05.04"]
[Round "4"]
[White "Fahed, Ahmad"]
[Black "Othman, Rabeea"]
[Result "1-0"]
[WhiteElo "2016"]
[BlackElo "2087"]
[PlyCount "100"]
[EventDate "1999.05.??"]
[EventType "swiss"]
[EventRounds "9"]
[EventCountry "UAE"]
[SourceTitle "CBM 070 Extra"]
[Source "ChessBase"]
[SourceDate "1999.07.10"]
[SourceVersion "1"]
[SourceVersionDate "1999.07.10"]
[SourceQuality "1"]

1. d4 d5 2. c4 Nc6 3. e3 Nf6 4. Nc3 Bf5 5. cxd5 Nxd5 6. Bd3 Bxd3 7. Qxd3 e5 8. a3 exd4 9. exd4 Be7 10. Nf3 0-0 11. 0-0 Bf6 12. Be3 Nxc3 13. bxc3 Qd7 14. Bg5 Ne5 15. Nxe5 Bxe5 16. Qf3 Bd6 17. Qxb7 Rab8 18. Qf3 Rb5 19. Be3 g6 20. h3 Rf5 21. Qd1 Rh5 22. Qf3 Rf5 23. Qd1 Re8 24. g4 Rh5 25. Qf3 Ra5 26. Bh6 f5 27. Bf4 fxg4 28. Qg3 gxh3 29. Bxd6 cxd6 30. Rfe1 Rf8 31. Re2 Raf5 32. Rae1 Rf3 33. Qg5 Qf5 34. Qxf5 R3xf5 35. Rb1 Rf3 36. Rc1 g5 37. c4 Rc8 38. Re6 Rd8 39. c5 dxc5 40. dxc5 Rff8 41. c6 Rc8 42. Rc3 h2+ 43. Kxh2 Rxf2+ 44. Kg3 Rf7 45. Kg4 Rf1 46. Kxg5 Kg7 47. Re4 h6+ 48. Kh4 Rh1+ 49. Kg3 Rg1+ 50. Kf2 Rh1 1-0

[Event "Asia Cities-ch 11th"]
[Site "Genting Highlands"]
[Date "1998.04.10"]
[Round "3"]
[White "Fahed, Ahmad"]
[Black "Wong, Zi Jing"]
[Result "0-1"]
[WhiteElo "2115"]
[BlackElo "2090"]
[PlyCount "87"]
[EventDate "1998.04.09"]
[EventType "team-swiss"]
[EventRounds "9"]
[EventCountry "MAS"]
[SourceTitle "EXT 2020"]
[Source "ChessBase"]
[SourceDate "2019.10.17"]
[SourceVersion "1"]
[SourceVersionDate "2019.10.17"]
[SourceQuality "1"]
[WhiteTeam "Abu Dhabi"]
[BlackTeam "Shah Alam"]
[WhiteTeamCountry "UAE"]
[BlackTeamCountry "MAS"]

1. d4 Nf6 2. c4 c5 3. d5 b5 4. Nf3 g6 5. a4 b4 6. Nbd2 Bg7 7. e4 d6 8. Bd3 0-0 9. 0-0 Nh5 10. Rb1 e5 11. dxe6 fxe6 12. Re1 e5 13. Nf1 Nc6 14. Bg5 Qc7 15. Ne3 h6 16. Bh4 Be6 17. Nd2 Qf7 18. f3 Nd4 19. Nd5 g5 20. Bf2 Nf4 21. Nf1 g4 22. Bxd4 exd4 23. Nxf4 Qxf4 24. Nd2 g3 25. hxg3 Qxg3 26. Nf1 Qg5 27. Qd2 Be5 28. Qxg5+ hxg5 29. Kf2 Rf7 30. g3 Raf8 31. Nd2 Bg4 32. Be2 d3 33. Bd1 Bxf3 34. Bxf3 g4 35. Ke3 gxf3 36. Kxd3 f2 37. Rf1 Bxg3 38. Ke2 Be5 39. b3 Bc3 40. Rbd1 Rf4 41. Kd3 Re8 42. Kc2 Kf7 43. Nb1 Bd4 44. Nd2 0-1